[Event "Vamos jogar Xadrez?"]
[Site "http://www.queenalice.com/game.php?id=392211"]
[Date "2008.4.23"]
[Round "-"]
[White "Mehe"]
[Black "Hernani"]
[Result "0-1"]
[WhiteElo "2128"]
[BlackElo "1884"]

1. e4 c5 2. Nf3 d6 3. d4 cxd4 4. Nxd4 Nf6 5. Nc3 a6 6. Be2 g6 7. Be3 Bg7 8. f3
b5 9. a3 O-O 10. Qd2 Qc7 11. Bh6 Nbd7 12. Bxg7 Kxg7 13. h4 Nh5 14. O-O-O Ndf6
15. g4 Ng3 16. Rhg1 Nxe2+ 17. Ncxe2 Rb8 18. h5 b4 19. axb4 Qc4 20. hxg6 fxg6 21.
Qh6+ Kxh6 0-1

[Event "Do You Wanna Play?!"]
[Site "http://www.queenalice.com/game.php?id=394339"]
[Date "2008.4.27"]
[Round "-"]
[White "Hernani"]
[Black "ulisses34"]
[Result "0-1"]
[WhiteElo "1918"]
[BlackElo "1752"]

1. e4 Nc6 2. d4 e6 3. c4 Bb4+ 4. Bd2 Qh4 5. Nf3 Qxe4+ 6. Be2 d5 7. Bxb4 Nxb4 8.
Qa4+ Nc6 9. Nc3 Qf5 10. g4 Qg6 11. Ne5 Qg5 12. h4 Qf4 13. Nxc6 Bd7 14. cxd5 bxc6
15. dxc6 Bc8 16. Nb5 Ne7 17. Qa5 Nd5 18. Qd2 Qxd2+ 19. Kxd2 a6 20. Nc3 O-O 21.
Bf3 Nxc3 22. bxc3 Rb8 0-1

[Event "Do You Wanna Play?"]
[Site "http://www.queenalice.com/game.php?id=394341"]
[Date "2008.4.28"]
[Round "-"]
[White "Strogonoff"]
[Black "Hernani"]
[Result "1-0"]
[WhiteElo "1886"]
[BlackElo "1873"]

1. e4 c5 2. d4 cxd4 3. Qxd4 Nc6 4. Qa4 Nf6 5. Bb5 Qc7 6. Nc3 e6 7. Bxc6 dxc6 8.
Nf3 Bd6 9. Qd4 e5 10. Qc4 Be6 11. Qd3 Rd8 12. Bg5 Bb4 13. Qe2 Bxc3+ 14. bxc3 b5
15. O-O Bc4 16. Qe1 Bxf1 17. Kxf1 Qd6 18. Qe3 a5 19. Nh4 O-O 20. Qg3 Nxe4 21.
Qe3 Nxg5 22. Qxg5 1-0

[Event "Do You Wanna Play?"]
[Site "http://www.queenalice.com/game.php?id=394342"]
[Date "2008.4.27"]
[Round "-"]
[White "sioux"]
[Black "Hernani"]
[Result "1-0"]
[WhiteElo "1674"]
[BlackElo "1858"]

1. d4 Nf6 2. e3 d5 3. Nf3 c5 4. c4 cxd4 5. Qxd4 Nc6 6. Qc3 dxc4 7. Bxc4 Bg4 8.
Be2 Rc8 9. Qb3 Nd4 10. exd4 Rxc1+ 11. Bd1 Bxf3 12. Qxf3 Qxd4 13. O-O Qxb2 14.
Ba4+ b5 15. Bxb5+ 1-0

[Event "Let's Play Chess!"]
[Site "http://www.queenalice.com/game.php?id=399924"]
[Date "2008.5.8"]
[Round "-"]
[White "Hernani"]
[Black "Lightningzap007"]
[Result "0-1"]
[WhiteElo "1881"]
[BlackElo "2070"]

1. e4 e5 2. Nf3 Nc6 3. Bb5 a6 4. Ba4 Nf6 5. O-O b5 6. Bb3 Be7 7. Re1 O-O 8. c3
d5 9. exd5 Nxd5 10. Nxe5 Nxe5 11. Rxe5 c6 0-1

[Event "Let's Play Chess!"]
[Site "http://www.queenalice.com/game.php?id=399925"]
[Date "2008.5.8"]
[Round "-"]
[White "charles31"]
[Black "Hernani"]
[Result "1-0"]
[WhiteElo "1632"]
[BlackElo "1833"]

1. Nf3 Nf6 2. Nc3 g6 3. e4 d6 4. Bb5+ Bd7 5. Bxd7+ Nbxd7 6. d4 c5 7. d5 Bg7 8.
Qd3 O-O 9. Be3 a6 10. O-O b5 11. Ng5 h6 12. Nh3 Ne5 13. Qd2 b4 14. Na4 Qa5 15.
b3 Nxe4 16. Qc1 Ng4 17. f3 1-0

[Event "Let's Play Chess!"]
[Site "http://www.queenalice.com/game.php?id=399926"]
[Date "2008.5.8"]
[Round "-"]
[White "Hernani"]
[Black "charles31"]
[Result "0-1"]
[WhiteElo "1809"]
[BlackElo "1648"]

1. e4 e5 2. Nf3 d6 3. d4 exd4 4. Nxd4 Nf6 5. Nc3 Bg4 6. Be2 Bxe2 7. Qxe2 h6 8.
Be3 Qd7 9. O-O-O Be7 10. h3 Nc6 11. f4 O-O-O 12. g4 Rhe8 13. e5 dxe5 14. Ndb5
Bd6 15. Nxa7+ Nxa7 16. Bxa7 exf4 0-1

[Event "AUTO-ADV-1242"]
[Site "http://www.queenalice.com/game.php?id=550232"]
[Date "2009.3.4"]
[Round "1"]
[White "yanpom"]
[Black "Hernani"]
[Result "0-1"]
[WhiteElo "1924"]
[BlackElo "1804"]

1. e4 c5 2. Nf3 d6 3. d4 cxd4 4. Nxd4 Nf6 5. Nc3 a6 6. Bd3 g6 7. O-O Bg7 8. Be3
O-O 9. Qd2 Ng4 10. h3 Nxe3 11. Qxe3 Nc6 12. Nxc6 bxc6 13. Qd2 Qa5 14. Kh1 Rb8
15. Rab1 Be6 16. a3 Ba2 17. Rbd1 Rxb2 18. Nxa2 Qxd2 19. Rxd2 Rxa2 20. Bxa6 Rxa3
21. Bb7 c5 22. Bd5 Rb8 23. f4 e6 24. Bb3 Rb6 25. Rfd1 Rb4 26. Re2 c4 27. Rxd6
cxb3 28. cxb3 Raxb3 29. Kh2 Rd4 30. e5 Rxd6 31. exd6 Rd3 32. Rc2 Rxd6 33. Rc8+
Bf8 34. Kg3 Rd3+ 35. Kg4 h5+ 36. Kg5 Kg7 0-1

[Event "AUTO-ADV-1242"]
[Site "http://www.queenalice.com/game.php?id=550233"]
[Date "2009.3.4"]
[Round "1"]
[White "Hernani"]
[Black "yanpom"]
[Result "1-0"]
[WhiteElo "1825"]
[BlackElo "1904"]

1. e4 e5 2. Nf3 Nc6 3. Bb5 a6 4. Ba4 b5 5. Bb3 Bc5 6. O-O Nf6 7. d3 h6 8. a4
bxa4 9. Bxa4 Bb7 10. Bxc6 Bxc6 11. Be3 Bxe3 12. fxe3 O-O 13. Nxe5 Bb7 14. Nc3 d6
15. Ng4 Nxg4 16. Qxg4 Bc8 17. Qg3 Rb8 18. b3 Ra8 19. e5 dxe5 20. Qxe5 Re8 21.
Qd5 Be6 22. Qxd8 Raxd8 23. Rxa6 Bc8 24. Ra7 Rxe3 25. Rxc7 Be6 26. b4 Rb8 27. b5
Re5 28. Rb1 Rc8 29. b6 Rxc7 30. bxc7 Rc5 31. Rb8+ Kh7 32. Nb5 Bd7 33. c4 Kg6 34.
Rd8 Be6 35. Kf2 Kf6 36. d4 Rxc4 37. d5 Bf5 38. d6 1-0

[Event "AUTO-ADV-1242"]
[Site "http://www.queenalice.com/game.php?id=550248"]
[Date "2009.3.4"]
[Round "1"]
[White "Hernani"]
[Black "tsangal"]
[Result "0-1"]
[WhiteElo "1848"]
[BlackElo "2067"]

1. e4 c5 2. Nf3 g6 3. d4 cxd4 4. Qxd4 Nf6 5. e5 Nc6 6. Qa4 Nd5 7. Qe4 Nc7 8. Nc3
Bg7 9. Bf4 f6 10. O-O-O fxe5 11. Bxe5 Nxe5 12. Nxe5 O-O 13. Bc4+ e6 14. Qe3 d5
15. Be2 Qd6 16. f4 Rf5 17. Kb1 Bxe5 18. fxe5 Qxe5 19. Qg1 Bd7 20. h4 a6 21. Bd3
Rf7 22. h5 g5 23. Re1 Qd6 24. h6 Raf8 25. Rh5 Qg3 26. Ne2 Qg4 27. Rh3 Bb5 28.
Qe3 Rf1 29. Rc1 Rxc1+ 30. Nxc1 Bxd3 31. cxd3 Qf4 32. Qb6 Rb8 33. Rf3 Qe5 34. Re3
Qf4 0-1

[Event "AUTO-ADV-1242"]
[Site "http://www.queenalice.com/game.php?id=550249"]
[Date "2009.3.4"]
[Round "1"]
[White "tsangal"]
[Black "Hernani"]
[Result "1-0"]
[WhiteElo "2059"]
[BlackElo "1856"]

1. e4 c5 2. Nc3 Nc6 3. f4 g6 4. Nf3 Bg7 5. Bb5 a6 6. Bxc6 dxc6 7. d3 Nf6 8. O-O
O-O 9. Be3 b6 10. Ne5 Qc7 11. a4 Rd8 12. a5 bxa5 13. Bxc5 Rb8 14. Qc1 Ne8 15.
Nc4 Nd6 16. Nxa5 Be6 17. e5 Nf5 18. Ne4 Bd5 19. b4 Bxe4 20. dxe4 Nd4 21. Bxd4
Rxd4 22. c3 Rxe4 23. Qc2 Qb6+ 24. Kh1 Qe3 25. Nxc6 Re8 26. c4 Rxf4 27. Rxf4 Qxf4
28. Qe2 Qf5 29. Qf3 Qc2 30. c5 a5 31. Nxa5 Bxe5 32. Rf1 Bf6 33. c6 1-0

[Event "AUTO-ADV-1242"]
[Site "http://www.queenalice.com/game.php?id=550250"]
[Date "2009.3.4"]
[Round "1"]
[White "Hernani"]
[Black "Standby"]
[Result "1-0"]
[WhiteElo "1787"]
[BlackElo "1802"]

1. e4 d5 2. exd5 Qxd5 3. Nc3 Qe5+ 4. Be2 e6 5. Nf3 Qd6 6. O-O a6 7. d4 Ne7 8.
Bg5 h6 9. Bh4 Bd7 10. Qd2 Nbc6 11. Bg3 Qb4 12. Bxc7 Nf5 13. a3 Qe7 14. d5 Bc8
15. Bb6 Nb8 16. dxe6 Bxe6 17. Nd5 Bxd5 18. Qxd5 Nd6 19. Bb5+ Nxb5 20. Rae1 Nc6
21. c4 Nd6 22. Qxd6 f6 23. Rxe7+ Bxe7 24. Re1 Kf7 25. Qe6+ Kf8 26. Nh4 Ne5 27.
Rxe5 fxe5 28. Ng6+ Ke8 29. Qxe7# 1-0

[Event "AUTO-ADV-1242"]
[Site "http://www.queenalice.com/game.php?id=550251"]
[Date "2009.3.4"]
[Round "1"]
[White "Standby"]
[Black "Hernani"]
[Result "0-1"]
[WhiteElo "1753"]
[BlackElo "1844"]

1. d4 Nf6 2. Bg5 Ne4 3. Nf3 Nxg5 4. Nxg5 e5 5. Nf3 e4 6. Ne5 Bb4+ 7. c3 Ba5 8.
Nc4 Bb6 9. Nxb6 axb6 10. e3 d5 11. c4 Be6 12. Nd2 O-O 13. Be2 Qg5 14. g3 c5 15.
cxd5 Bxd5 16. dxc5 bxc5 17. Qc2 Nd7 18. O-O Qf5 19. Bb5 Ne5 20. Be2 Rfc8 21. f3
Qg6 22. Nxe4 Bxe4 23. fxe4 c4 24. Rf5 Qe6 25. Qc3 f6 26. a3 Rd8 27. Rff1 Nd3 28.
Bf3 Rac8 29. Kg2 Qb6 30. Rab1 Qxe3 31. Rbd1 Rc7 32. b3 Nf4+ 33. Kh1 Qxc3 34.
Rxd8+ Kf7 35. gxf4 cxb3 36. Rdd1 b2 37. e5 Qxa3 38. Be4 Rc1 39. Rd7+ Ke8 40.
Rdd1 Rxd1 41. Rxd1 Qa4 42. Re1 Qxe4+ 43. Rxe4 b1=Q+ 44. Kg2 Qxe4+ 45. Kf2 b5 46.
exf6 gxf6 47. Kg3 b4 0-1

[Event "AUTO-ADV-2013"]
[Site "http://www.queenalice.com/game.php?id=875551"]
[Date "2010.12.23"]
[Round "1"]
[White "stoyan1"]
[Black "Hernani"]
[Result "0-1"]
[WhiteElo "1870"]
[BlackElo "1926"]

1. e4 e5 2. Nf3 Nc6 3. Bc4 Nf6 4. d3 Bc5 5. h3 O-O 6. Bg5 h6 7. Bh4 d6 8. g4 Na5
9. a3 Nxc4 10. dxc4 g5 11. Bg3 Nxe4 12. Nbd2 Nxg3 13. fxg3 f5 14. Qe2 e4 15. Nh2
fxg4 16. Nxg4 Bxg4 17. Qxg4 Bf2+ 18. Kd1 e3 19. Ne4 Qe7 20. Nxf2 Rxf2 21. h4
Raf8 22. Re1 Rd2+ 23. Kc1 Qh7 0-1

[Event "AUTO-ADV-2013"]
[Site "http://www.queenalice.com/game.php?id=875552"]
[Date "2010.12.23"]
[Round "1"]
[White "Hernani"]
[Black "stoyan1"]
[Result "1-0"]
[WhiteElo "1897"]
[BlackElo "1865"]

1. e4 e5 2. Nf3 Qf6 3. Bc4 d6 4. O-O Be6 5. Bb3 h6 6. d4 Bxb3 7. dxe5 Bxc2 8.
Qxc2 Qe7 9. exd6 Qxd6 10. Rd1 Qc6 11. Nc3 Nd7 12. Nd4 Qa6 13. Ncb5 Bd6 14. Nxd6+
cxd6 15. Nf5 Ne7 16. Nxd6+ Kf8 17. Qb3 Nc5 18. Qxf7# 1-0

[Event "AUTO-ADV-2013"]
[Site "http://www.queenalice.com/game.php?id=875564"]
[Date "2010.12.23"]
[Round "1"]
[White "Hernani"]
[Black "leduar"]
[Result "1-0"]
[WhiteElo "1862"]
[BlackElo "1944"]

1. e4 e5 2. Nf3 Nf6 3. d4 Nxe4 4. Bd3 d5 5. dxe5 Nc5 6. Nc3 d4 7. Nxd4 Nxd3+ 8.
Qxd3 Bc5 9. Nb3 Qxd3 10. cxd3 Bb4 11. a3 Bxc3+ 12. bxc3 Bf5 13. d4 O-O 14. O-O
b6 15. Be3 Be6 16. Nd2 Nc6 17. c4 Bf5 18. f4 Na5 19. Rfc1 Rac8 20. d5 Rfd8 21.
Rc3 Kf8 22. Re1 Nb7 23. Bf2 c6 24. d6 c5 25. h3 h5 26. Nf1 g6 27. Ng3 Be6 28. f5
Bxf5 29. Nxf5 gxf5 30. Bh4 Rd7 31. Rf1 Nxd6 32. exd6 Rxd6 33. Rxf5 Rh6 34. Rd3
Rcc6 35. Rd7 Rhd6 36. Be7+ Ke8 37. Rxd6 1-0

[Event "AUTO-ADV-2013"]
[Site "http://www.queenalice.com/game.php?id=875569"]
[Date "2010.12.23"]
[Round "1"]
[White "Paulsains"]
[Black "Hernani"]
[Result "0-1"]
[WhiteElo "1876"]
[BlackElo "1881"]

1. e4 e5 2. Nf3 Nc6 3. Bc4 Nf6 4. Ng5 d5 5. exd5 Na5 6. Bb5+ c6 7. dxc6 bxc6 8.
Ba4 h6 9. Nf3 e4 10. Ne5 Qd4 11. Bxc6+ Nxc6 12. Nxc6 Qc5 13. Nxa7 Qxa7 14. Nc3
Bg4 15. f3 exf3 16. gxf3 Be6 17. b3 Bc5 18. d4 Bxd4 19. Bb2 Bf2+ 0-1

[Event "AUTO-ADV-2013"]
[Site "http://www.queenalice.com/game.php?id=875570"]
[Date "2010.12.23"]
[Round "1"]
[White "Hernani"]
[Black "Paulsains"]
[Result "1-0"]
[WhiteElo "1912"]
[BlackElo "1855"]

1. e4 e5 2. Nf3 d6 3. d4 exd4 4. Nxd4 Nf6 5. Bd3 c5 6. Nf3 Be7 7. Nc3 O-O 8. O-O
h6 9. Nd5 Nxd5 10. exd5 b6 11. c4 Bb7 12. Re1 Nd7 13. Bf4 Nf6 14. Rb1 Re8 15. b4
cxb4 16. Rxb4 a5 17. Rb1 Nh5 18. Be3 Qc8 19. Rxb6 Qd7 20. Ne5 dxe5 21. Qxh5 Ra6
22. Bxh6 Rxb6 23. Bxg7 Kxg7 24. Qh7+ Kf6 25. Qh6# 1-0

[Event "AUTO-ADV-2013"]
[Site "http://www.queenalice.com/game.php?id=917577"]
[Date "2011.3.26"]
[Round "2"]
[White "brindleleaf"]
[Black "Hernani"]
[Result "0-1"]
[WhiteElo "1946"]
[BlackElo "1991"]

1. d4 Nf6 2. Nf3 e6 3. Bg5 d5 4. e3 h6 5. Bf4 Bd6 6. Bxd6 cxd6 7. c4 Qb6 8. Qc2
Nc6 9. Nc3 dxc4 10. Bxc4 O-O 0-1

[Event "AUTO-ADV-2013"]
[Site "http://www.queenalice.com/game.php?id=917578"]
[Date "2011.3.26"]
[Round "2"]
[White "Hernani"]
[Black "brindleleaf"]
[Result "1-0"]
[WhiteElo "1959"]
[BlackElo "1962"]

1. e4 g6 2. d4 Bg7 3. Nf3 d6 4. h3 Nd7 5. Bc4 e6 6. Bg5 Ne7 7. Nc3 a6 8. a4 h6
9. Bf4 b6 10. O-O Bb7 11. Bg3 1-0

[Event "AUTO-ADV-2013"]
[Site "http://www.queenalice.com/game.php?id=917579"]
[Date "2011.3.26"]
[Round "2"]
[White "bongo12"]
[Black "Hernani"]
[Result "0-1"]
[WhiteElo "2010"]
[BlackElo "1940"]

1. e4 e5 2. Nf3 Nc6 3. Bb5 a6 4. Ba4 Nf6 5. O-O Be7 6. Qe2 b5 7. Bb3 O-O 8. c3
d6 9. d4 Bg4 10. d5 Na5 11. Bc2 c6 12. dxc6 Nxc6 13. Be3 Qc7 14. h3 Be6 15. Nbd2
h6 16. g4 d5 17. Kh2 dxe4 18. Nxe4 Bc4 19. Nxf6+ Bxf6 20. Bd3 e4+ 21. Kh1 Bxd3
22. Qd2 Bxf1 23. Bxh6 exf3 24. Bf4 Bg2+ 25. Kh2 Be5 0-1

[Event "AUTO-ADV-2013"]
[Site "http://www.queenalice.com/game.php?id=917580"]
[Date "2011.3.26"]
[Round "2"]
[White "Hernani"]
[Black "bongo12"]
[Result "1-0"]
[WhiteElo "1975"]
[BlackElo "1977"]

1. e4 c5 2. Nf3 d6 3. d4 cxd4 4. Nxd4 Nf6 5. Nc3 a6 6. Bg5 e6 7. Qd2 Be7 8.
O-O-O Nbd7 9. f3 Qc7 10. g4 b5 11. Bd3 h6 12. Be3 b4 13. Nce2 a5 14. h4 Nc5 15.
Bb5+ Bd7 16. Bxd7+ Nfxd7 17. Nb5 Qb8 18. Nxd6+ Bxd6 19. Qxd6 Qxd6 20. Rxd6 O-O
21. Rhd1 a4 22. Rxd7 Nxd7 23. Rxd7 Rfc8 24. Nd4 Kf8 25. Rb7 e5 26. Nf5 b3 27.
axb3 axb3 28. Rxb3 Ra1+ 29. Kd2 Rh1 30. Bc5+ Ke8 31. Nd6+ 1-0